000 00554nam a2200181Ia 4500
008 090123s9999 xx 000 0 und d
082 _b4804
100 _aउद्दम प्रकाशक
245 _aपीक संरक्षण
250 _a0
260 _bउद्यम प्रकाशन
_c1977
300 _a208
600 _aउद्दम प्रकाशक
630 _aपीक संरक्षण
700 _aउद्दम प्रकाशक
730 _aपीक संरक्षण
942 _cBOOK
999 _c42879
_d42879